Novely školského zákona

Komentár k novelám školského zákona a účinnosť noviel.

Enregistré dans:
Détails bibliographiques
Auteur principal: Krajčír, Zdenko
Autres auteurs: Surmajová, Žaneta
Format: Chapitre de livre
Langue:slovaque
Sujets:
Tags: Ajouter un tag
Pas de tags, Soyez le premier à ajouter un tag!

MARC

LEADER 00000naa a2200000 4500
001 0252521
005 20190325085610.9
041 0 |a slo 
044 |a SK 
245 1 0 |a Novely školského zákona  |c Zdenko Krajčír, Žaneta Surmajová 
520 |a Komentár k novelám školského zákona a účinnosť noviel. 
610 2 0 |a zákony 
610 2 0 |a komentáre 
610 2 0 |a novelizácia 
610 2 0 |a školstvo 
610 2 0 |a školy 
610 2 0 |a politika školská 
100 1 |a Krajčír, Zdenko 
700 1 |a Surmajová, Žaneta